| 000 | 00449nmm a2200145Ia 4500 | ||
|---|---|---|---|
| 008 | 251105s9999||||xx |||||||||||||||||und|| | ||
| 020 | _a9788412401295 | ||
| 041 | _aspa | ||
| 100 | _aMiguelañez González, Mario | ||
| 245 | 0 | _aLas horas despistadas | |
| 264 |
_a[Madrid, España] : _bEdiciones Arcanas, _c[Fecha de publicación no identificada] |
||
| 300 | _a0 páginas | ||
| 856 | _uhttps://public.digitaliapublishing.com/a/120689 | ||
| 942 | _cCF | ||
| 999 |
_c76237 _d76237 |
||